Statistics for UK Prime Ministers by Picture

Click here to take the quiz!

General Stats

  • This quiz has been taken 480 times
  • The average score is 10 of 15

Answer Stats

Answer% Correct
Winston Churchill
97%
Margaret Thatcher
96%
Theresa May
96%
David Cameron
94%
Gordon Brown
93%
John Major
90%
Benjamin Disraeli
71%
William Pitt the Younger
64%
David Lloyd George
62%
William Gladstone
55%
Clement Atlee
53%
James Ramsay MacDonald
50%
Robert Peel
44%
Frederick North
30%
Henry John Temple, Viscount Palmerston
25%

Score Distribution

Percentile by Number Answered

Percent of People with Each Score

Your Score History

You have not taken this quiz